1963 Census of mining and manufacturing industry of Japan (Record no. 1075810)

MARC details
000 -LEADER
fixed length control field 00850nam a2200253Ia 4500
003 - CONTROL NUMBER IDENTIFIER
control field OSt
005 - DATE AND TIME OF LATEST TRANSACTION
control field 20221006143002.0
008 - FIXED-LENGTH DATA ELEMENTS--GENERAL INFORMATION
fixed length control field 221006b |||||||| |||| 00| 0 eng d
037 ## - SOURCE OF ACQUISITION
Terms of availability Textual
040 ## - CATALOGING SOURCE
Original cataloging agency EASL
Transcribing agency EASL
Language of cataloging eng
041 ## - LANGUAGE CODE
Source of code eng
Language code of text/sound track or separate title eng
110 ## - MAIN ENTRY--CORPORATE NAME
Corporate name or jurisdiction name as entry element Japan. International Trade and Industry (Ministry of --)
9 (RLIN) 648887
245 #0 - TITLE STATEMENT
Title 1963 Census of mining and manufacturing industry of Japan
260 ## - PUBLICATION, DISTRIBUTION, ETC.
Place of publication, distribution, etc. Tokyo
Name of publisher, distributor, etc. Research and Statistics Division Minister's Secretariat Ministry
Date of publication, distribution, etc. 1966
300 ## - PHYSICAL DESCRIPTION
Extent 147p.
Dimensions cm.
700 ## - ADDED ENTRY--PERSONAL NAME
Personal name Japan. International Trade and Industry (Ministry of --)
9 (RLIN) 648888
942 ## - ADDED ENTRY ELEMENTS (KOHA)
Classification part HZ.42.N6, K3
Koha item type Textual
Source of classification or shelving scheme Colon Classification (CC)
Holdings
Withdrawn status Lost status Source of classification or shelving scheme Damaged status Not for loan Home library Current library Date acquired Source of acquisition Total Checkouts Full call number Barcode Date last seen Price effective from Koha item type
    Colon Classification (CC)     Department of East Asian Studies Library Department of East Asian Studies Library 2022-10-06 Gift, Japan Foundation   HZ.42.N6 K3 EA1010085 2022-10-06 2022-10-06 Textual
Copyright @ Delhi University Library System